[Event "ch-Paris op C"]
[Site "Paris (Halle Carpentier)"]
[Date "2008.06.28"]
[Round "1.30"]
[White "Coadou, Alain"]
[Black "Pallandre, Christian"]
[Result "0-1"]
[WhiteElo "1210"]
[BlackElo "1440"]
[PlyCount "66"]
[EventDate "2008.06.28"]

1. d3 d5 2. e3 Nf6 3. c3 e6 4. g3 Be7 5. Bg2 O-O 6. Nd2 b6 7. c4 c6 8. Ne2 Ba6
9. Qc2 Nbd7 10. Nd4 Qc7 11. Rb1 Rad8 12. O-O Nc5 13. b4 Ncd7 14. Qa4 Bb7 15.
N4b3 Ne5 16. d4 Nd3 17. Ba3 a6 18. b5 axb5 19. Bxe7 bxa4 20. Bxd8 Qxd8 21. Na1
Qc7 22. e4 Ba6 23. c5 b5 24. Nc2 Qa5 25. Rfd1 Qc3 26. Ne3 Qxd4 27. Nf3 Qc3 28.
e5 Ne4 29. Bf1 Nexf2 30. Bxd3 Nxd3 31. Nc2 Qxc2 32. Nd4 Qf2+ 33. Kh1 Qxd4 0-1

[Event "ch-Paris op C"]
[Site "Paris (Halle Carpentier)"]
[Date "2008.06.28"]
[Round "1.31"]
[White "Pierre, Laurent"]
[Black "Alary, Antoine"]
[Result "1-0"]
[WhiteElo "1440"]
[BlackElo "1200"]
[PlyCount "129"]
[EventDate "2008.06.28"]

1. e4 e5 2. Nf3 Nc6 3. Nc3 Nf6 4. Bb5 Bd6 5. Bxc6 dxc6 6. d3 Qe7 7. O-O O-O 8.
Bg5 h6 9. Bh4 Be6 10. Bg3 Bg4 11. h3 Bh5 12. Bh2 Bc5 13. Bxe5 Qxe5 14. Nxe5
Bxd1 15. Raxd1 Bd4 16. Nf3 Bc5 17. b3 Rad8 18. Na4 Ba3 19. e5 Nd5 20. c4 Nb6
21. Nxb6 cxb6 22. Rfe1 Bb4 23. Re4 f5 24. exf6 Rxf6 25. d4 Bc5 26. Rde1 Bb4 27.
R1e2 Bc3 28. R2e3 Bb4 29. Rd3 c5 30. d5 a6 31. Re7 Rf7 32. Re6 b5 33. cxb5 axb5
34. Rb6 c4 35. bxc4 bxc4 36. Rd4 Rc8 37. Rxb4 c3 38. Rb1 c2 39. Rc1 b5 40. Rd2
Rd7 41. Ne1 Ra8 42. Rcxc2 Re7 43. Nf3 Rd8 44. Rb2 Rb7 45. Rb4 g5 46. Kh2 Kf7
47. a4 Rdb8 48. axb5 Rxb5 49. Rxb5 Rxb5 50. d6 Ke6 51. d7 Rb8 52. d8=Q Rxd8 53.
Rxd8 Ke7 54. Rh8 Kf7 55. Rxh6 Kg7 56. Rh5 Kf6 57. Rxg5 Ke7 58. Kg3 Kd8 59. Kf4
Kc7 60. Ke5 Kd8 61. Ke6 Kc8 62. Kd6 Kb8 63. Kc6 Ka8 64. Kb6 Kb8 65. Rg8# 1-0

[Event "ch-Paris op C"]
[Site "Paris (Halle Carpentier)"]
[Date "2008.06.28"]
[Round "1.32"]
[White "Laroui, Idriss"]
[Black "Fouliard, Marc"]
[Result "1/2-1/2"]
[WhiteElo "1200"]
[BlackElo "1430"]
[PlyCount "45"]
[EventDate "2008.06.28"]

1. d4 d5 2. c4 dxc4 3. e4 b5 4. Nc3 c6 5. Nf3 Bg4 6. Be2 f6 7. O-O Qd6 8. e5
fxe5 9. dxe5 Qxd1 10. Rxd1 e6 11. h3 Bxf3 12. Bxf3 Bb4 13. a3 Ba5 14. Rd6 Nd7
15. Bxc6 Rd8 16. Nxb5 Ne7 17. Bxd7+ Rxd7 18. Rxd7 Kxd7 19. f4 Nd5 20. Kf2 Rb8
21. Nd6 Bb6+ 22. Kf3 c3 23. b4 1/2-1/2

[Event "ch-Paris op C"]
[Site "Paris (Halle Carpentier)"]
[Date "2008.06.28"]
[Round "1.33"]
[White "Bogdanovsky, Sonia"]
[Black "Dautricourt, Olivier"]
[Result "0-1"]
[WhiteElo "1420"]
[BlackElo "1199"]
[PlyCount "75"]
[EventDate "2008.06.28"]

1. c4 Nf6 2. Nc3 g6 3. g3 Bg7 4. Bg2 O-O 5. Nf3 c6 6. Rb1 Qb6 7. d3 Ng4 8. Ne4
d5 9. cxd5 cxd5 10. O-O dxe4 11. dxe4 Nc6 12. h3 Rd8 13. Qc2 Nd4 14. Nxd4 Qxd4
15. e3 Qf6 16. hxg4 Bxg4 17. b3 Qe6 18. f3 Bh3 19. Bb2 Bxg2 20. Kxg2 Rac8 21.
Qe2 f6 22. Rfd1 Rxd1 23. Rxd1 f5 24. Bxg7 Kxg7 25. exf5 gxf5 26. Qb2+ Kf7 27.
Kf2 b5 28. Re1 b4 29. e4 f4 30. Rg1 Qh3 31. gxf4 Qh2+ 32. Rg2 Qxf4 33. Rg7+ Ke8
34. Qd4 Rc2+ 35. Ke1 Qxf3 36. Rg8+ Kf7 37. Qd5+ e6 38. Qd1 0-1

[Event "ch-Paris op C"]
[Site "Paris (Halle Carpentier)"]
[Date "2008.06.28"]
[Round "1.34"]
[White "Fattaccini, Paul-Andre"]
[Black "Robinet-Duffo, Richard"]
[Result "1-0"]
[WhiteElo "1199"]
[BlackElo "1420"]
[PlyCount "57"]
[EventDate "2008.06.28"]

1. e4 e5 2. Nf3 Nc6 3. Bc4 Nf6 4. d3 Bc5 5. O-O O-O 6. c3 d6 7. Bg5 Bg4 8. Nbd2
h6 9. Bxf6 Qxf6 10. b4 Bb6 11. b5 Nb8 12. Qa4 Bc5 13. Bb3 Qg6 14. Rfe1 Bh3 15.
Nh4 Qg5 16. Ndf3 Qg4 17. g3 Qd7 18. d4 exd4 19. cxd4 Bb6 20. Qc4 Ba5 21. Red1
Bg4 22. Qd3 g5 23. Nf5 Bxf5 24. exf5 c6 25. a4 cxb5 26. Bc2 bxa4 27. f6 Re8 28.
Qh7+ Kf8 29. Qg7# 1-0

[Event "ch-Paris op C"]
[Site "Paris (Halle Carpentier)"]
[Date "2008.06.28"]
[Round "1.35"]
[White "Terradot, Francois"]
[Black "Lefort, Sophie"]
[Result "1-0"]
[WhiteElo "1420"]
[BlackElo "1199"]
[PlyCount "163"]
[EventDate "2008.06.28"]

1. d4 d5 2. c4 dxc4 3. Nc3 Nf6 4. Nf3 e6 5. Bg5 Bb4 6. e3 Nbd7 7. Bxc4 b6 8.
O-O Bb7 9. Rb1 O-O 10. a3 Bd6 11. Re1 Qb8 12. e4 Be7 13. e5 Bxf3 14. Qxf3 Nd5
15. Bxd5 Bxg5 16. Bxa8 Qxa8 17. Qxa8 Rxa8 18. d5 Bd2 19. Red1 Bxc3 20. bxc3
Nxe5 21. Re1 Nc4 22. dxe6 fxe6 23. Rxe6 Nxa3 24. Ra1 Nb5 25. c4 Nd6 26. Re7 Ne8
27. Rae1 Kf8 28. Rd7 a5 29. Red1 h6 30. Rd8 Rxd8 31. Rxd8 Ke7 32. Rd1 Nd6 33.
Rc1 c5 34. Kf1 Ke6 35. Ke2 Ke5 36. Kd3 Kf4 37. Rd1 Ne4 38. Rb1 Nxf2+ 39. Ke2
Ng4 40. h3 Ne3 41. Rxb6 Nxc4 42. Rb5 Ne3 43. Rxc5 Nxg2 44. Rxa5 Kg3 45. Ra3+
Kh4 46. Kf2 Nf4 47. Ra4 Kg5 48. Ra5+ Kg6 49. Kg3 Ne6 50. Ra6 Kf7 51. Ra7+ Kf6
52. Kg4 Nf8 53. h4 g6 54. h5 g5 55. Ra6+ Kg7 56. Kf5 Kh7 57. Ra7+ Kg8 58. Kf6
Kh8 59. Rb7 Kg8 60. Rg7+ Kh8 61. Rf7 Kg8 62. Ke7 Nh7 63. Rf1 Kg7 64. Rc1 Kg8
65. Rc6 Kg7 66. Rg6+ Kh8 67. Rxh6 Kg7 68. Rg6+ Kh8 69. Kf7 Nf8 70. Kxf8 Kh7 71.
Kf7 g4 72. Rg7+ Kh6 73. Rxg4 Kh7 74. Rg8 Kh6 75. Rh8+ Kg5 76. h6 Kf5 77. h7 Ke5
78. Re8+ Kf5 79. h8=Q Kg5 80. Qf6+ Kg4 81. Rg8+ Kh5 82. Qh8# 1-0

[Event "ch-Paris op C"]
[Site "Paris (Halle Carpentier)"]
[Date "2008.06.28"]
[Round "1.36"]
[White "Moimeaux, Archibald"]
[Black "Leconte, Nicolas"]
[Result "0-1"]
[WhiteElo "1199"]
[BlackElo "1410"]
[PlyCount "120"]
[EventDate "2008.06.28"]

1. d4 d5 2. c4 Nf6 3. Nc3 e6 4. a3 Nc6 5. Nf3 h6 6. Bf4 Bd6 7. Bxd6 Qxd6 8. e3
a6 9. Bd3 O-O 10. O-O Re8 11. c5 Qe7 12. b4 e5 13. dxe5 Nxe5 14. e4 Nxf3+ 15.
Qxf3 dxe4 16. Nxe4 Nxe4 17. Bc2 g6 18. Rfe1 Nd2 19. Qd1 Qxe1+ 20. Qxe1 Rxe1+
21. Rxe1 Bf5 22. Bxf5 gxf5 23. f3 Rd8 24. Kf2 Nc4 25. a4 Nb2 26. Re7 Rc8 27.
Ke3 Nxa4 28. Kf4 Kg7 29. Kxf5 b5 30. g4 c6 31. g5 h5 32. g6 Re8 33. Kg5 Nc3 34.
Kxh5 Nd5 35. Ra7 Nf4+ 36. Kg5 Nxg6 37. Rxa6 Rc8 38. Ra7 Ne5 39. Ra3 f6+ 40. Kf5
Rd8 41. f4 Rd3 42. Ra7+ Rd7 43. Ra3 Nc4 44. Rg3+ Kf7 45. h4 Nd2 46. h5 Rd5+ 47.
Kg4 Ne4 48. Re3 Nf2+ 49. Kh4 Nd3 50. Rg3 Nxf4 51. h6 Ng6+ 52. Kg4 Rg5+ 53. Kf3
Rxg3+ 54. Kxg3 Ne5 55. h7 Kg7 56. Kf4 Kxh7 57. Kf5 Kg7 58. Ke4 Kg6 59. Ke3 Nc4+
60. Kf3 Kg5 0-1

[Event "ch-Paris op C"]
[Site "Paris (Halle Carpentier)"]
[Date "2008.06.28"]
[Round "1.37"]
[White "Hermez, Mohammed"]
[Black "Su, Sylvie"]
[Result "1-0"]
[WhiteElo "1400"]
[BlackElo "1199"]
[PlyCount "59"]
[EventDate "2008.06.28"]

1. e4 e5 2. Nf3 Nf6 3. Nxe5 Bd6 4. Nf3 O-O 5. e5 Bxe5 6. Nxe5 d6 7. Nf3 Bg4 8.
Be2 Qe8 9. O-O Qc6 10. Nc3 Nbd7 11. d4 Rfe8 12. d5 Qc5 13. Be3 Rxe3 14. fxe3
Ne5 15. Nxe5 Qxe3+ 16. Kh1 Qxe5 17. Bxg4 h5 18. Bf3 Ng4 19. Bxg4 hxg4 20. Qxg4
Re8 21. Qf3 c6 22. Qxf7+ Kh7 23. g3 cxd5 24. Rae1 Qxe1 25. Rxe1 Rxe1+ 26. Kg2
d4 27. Nb5 a6 28. Nxd4 Rd1 29. Nf5 b5 30. Qxg7# 1-0

[Event "ch-Paris op C"]
[Site "Paris (Halle Carpentier)"]
[Date "2008.06.28"]
[Round "1.39"]
[White "Minot, Barbara"]
[Black "Etienne, Yannick"]
[Result "1-0"]
[WhiteElo "1400"]
[BlackElo "1190"]
[PlyCount "130"]
[EventDate "2008.06.28"]

1. f4 d6 2. Nf3 Nf6 3. Nc3 g6 4. e3 c5 5. b3 Bg7 6. Bb5+ Bd7 7. Bxd7+ Nbxd7 8.
Rb1 O-O 9. O-O a6 10. Bb2 e6 11. Ne2 Nb6 12. c4 Nc8 13. Ng3 Ne7 14. d3 b5 15.
Ng5 h6 16. N5e4 Nxe4 17. Bxg7 Kxg7 18. dxe4 Qc7 19. Qg4 Kh8 20. Qh3 Ng8 21. Rf3
h5 22. Nxh5 Nh6 23. Nf6 Kg7 24. Qh4 Rh8 25. Qg5 Qe7 26. Nh5+ Kf8 27. Nf6 Kg7
28. Rh3 Qxf6 29. Rxh6 Rxh6 30. Qg3 Qh4 31. Rd1 Qxg3 32. hxg3 Rah8 33. Rxd6 Rh1+
34. Kf2 Ra1 35. Rxa6 Rhh1 36. cxb5 Rac1 37. Kf3 f5 38. Ra7+ Kh6 39. g4 Rhf1+
40. Kg3 fxg4 41. Kxg4 Rg1 42. Kg3 Rc2 43. e5 Rcxg2+ 44. Kf3 Rd2 45. Ra8 Re1 46.
Rh8+ Kg7 47. Rh3 Rxa2 48. b6 Rb2 49. f5 exf5 50. b7 Rxb3 51. e6 Rxb7 52. Rh2
Re7 53. Rd2 Rxe6 54. Rd7+ Kf6 55. Rd3 g5 56. Kf2 Rh1 57. Rc3 Rh3 58. Rxc5 Rexe3
59. Rc6+ Kg7 60. Rc7+ Kg6 61. Rc6+ Kh5 62. Rc8 f4 63. Rh8+ Kg4 64. Rxh3 Kxh3
65. Kf1 Ra3 1-0

[Event "ch-Paris op C"]
[Site "Paris (Halle Carpentier)"]
[Date "2008.06.28"]
[Round "1.40"]
[White "Cohen-Codar, Isabelle"]
[Black "Zeitoun, Maxime"]
[Result "1-0"]
[WhiteElo "1180"]
[BlackElo "1400"]
[PlyCount "63"]
[EventDate "2008.06.28"]

1. e4 c6 2. Bc4 d5 3. exd5 cxd5 4. Bb3 e5 5. d3 Nf6 6. Nd2 Bc5 7. h3 Nc6 8. c3
O-O 9. Ngf3 Bf5 10. Nf1 Qb6 11. d4 exd4 12. cxd4 Nxd4 13. Ng3 Rfe8+ 14. Be3
Nxf3+ 15. Qxf3 Qb4+ 16. Ke2 Bxe3 17. Nxf5 Qd2+ 18. Kf1 Bxf2 19. Qxf2 Qd3+ 20.
Kg1 Ne4 21. Qf4 Re6 22. Kh2 Rae8 23. Ba4 b5 24. Rhd1 Qc4 25. Qg4 Rg6 26. Ne3
Qxa4 27. Qd7 Rf8 28. Nxd5 Re6 29. Ne7+ Kh8 30. Qd8 h6 31. Qxf8+ Kh7 32. Qg8#
1-0

[Event "ch-Paris op C"]
[Site "Paris (Halle Carpentier)"]
[Date "2008.06.28"]
[Round "1.41"]
[White "Caille, Hugo"]
[Black "Nadarajah, Phanujah"]
[Result "1-0"]
[WhiteElo "1390"]
[BlackElo "1160"]
[PlyCount "97"]
[EventDate "2008.06.28"]

1. e4 e5 2. Nf3 Nc6 3. Bc4 Nf6 4. Ng5 d5 5. exd5 Nxd5 6. Nxf7 Kxf7 7. Qf3+ Ke8
8. Bxd5 Ne7 9. Qf7+ Kd7 10. Be6+ Kd6 11. Bxc8 Rxc8 12. Nc3 Kd7 13. Ne4 Qe8 14.
Nc5+ Kd8 15. Nxb7+ Kd7 16. Nc5+ Kd8 17. Qf3 Nc6 18. Qd5+ Bd6 19. Ne6+ Kd7 20.
Nxg7 Nb4 21. Qb5+ c6 22. Qc4 Qf8 23. Ne6 Qf7 24. Nc5+ Ke7 25. Qxb4 Rb8 26. Qc3
Rhg8 27. O-O Qh5 28. Re1 Rg7 29. Nb3 Rbg8 30. g3 Rg6 31. Qxc6 Rh6 32. Qg2 Qg6
33. d4 Rh5 34. c3 Kd7 35. dxe5 Rxe5 36. Rxe5 Bxe5 37. Qd5+ Bd6 38. Nc5+ Ke7 39.
Ne4 Qf7 40. Qxd6+ Ke8 41. Nf6+ Qxf6 42. Qxf6 Rf8 43. Qe6+ Kd8 44. Bg5+ Kc7 45.
Qe7+ Kc8 46. Bf4 Rxf4 47. gxf4 Kb8 48. Rd1 Ka8 49. Rd8# 1-0

[Event "ch-Paris op C"]
[Site "Paris (Halle Carpentier)"]
[Date "2008.06.28"]
[Round "1.42"]
[White "Savadoux, Valentin"]
[Black "Duffaud, Celia"]
[Result "1-0"]
[WhiteElo "1140"]
[BlackElo "1390"]
[PlyCount "67"]
[EventDate "2008.06.28"]

1. c4 e5 2. Nc3 Nf6 3. Nf3 Nc6 4. g3 Bc5 5. Bg2 d6 6. O-O O-O 7. h3 Be6 8. d3
d5 9. cxd5 Bxd5 10. Nxd5 Nxd5 11. Ng5 f5 12. e4 Nde7 13. Qh5 h6 14. Ne6 Qxd3
15. Nxc5 Qb5 16. Ne6 Rfc8 17. exf5 Nd5 18. Rd1 Nf6 19. Qg6 Ne8 20. Bd5 Kh8 21.
Bxh6 gxh6 22. Qxh6+ Kg8 23. Nxc7+ Qxd5 24. Nxd5 Rd8 25. Nf6+ Nxf6 26. Qxf6 Re8
27. Rd7 Ne7 28. Rxe7 Rxe7 29. Qxe7 Rf8 30. Rd1 Rf7 31. Rd8+ Kg7 32. Qxe5+ Kh6
33. Rh8+ Kg5 34. f4# 1-0

[Event "ch-Paris op C"]
[Site "Paris (Halle Carpentier)"]
[Date "2008.06.28"]
[Round "1.43"]
[White "Guillaume, Gerard"]
[Black "Baldy, Marie Christine"]
[Result "1-0"]
[WhiteElo "1390"]
[BlackElo "1130"]
[PlyCount "63"]
[EventDate "2008.06.28"]

1. d4 d5 2. c4 Nf6 3. Nc3 e6 4. Bg5 Be7 5. cxd5 exd5 6. Nf3 O-O 7. Qc2 Re8 8.
h4 c5 9. O-O-O Nc6 10. Bxf6 Bxf6 11. dxc5 d4 12. e3 b6 13. Bb5 Nb4 14. Qb3 Re7
15. Qxb4 Be6 16. Ne4 Qd5 17. Nxf6+ gxf6 18. b3 bxc5 19. Qc4 Qe4 20. Qd3 Bf5 21.
Bc4 Rd8 22. Qxe4 Bxe4 23. h5 Red7 24. Bd3 Bxd3 25. Rxd3 dxe3 26. Rxe3 Rc8 27.
h6 c4 28. Rc3 a5 29. Rh4 Rdc7 30. Rhxc4 a4 31. Rxc7 Rxc7 32. Rxc7 1-0

[Event "ch-Paris op C"]
[Site "Paris (Halle Carpentier)"]
[Date "2008.06.28"]
[Round "1.44"]
[White "Clement, Charlene"]
[Black "Khechab, Michel"]
[Result "0-1"]
[WhiteElo "1130"]
[BlackElo "1390"]
[PlyCount "96"]
[EventDate "2008.06.28"]

1. e4 e5 2. Nf3 Nc6 3. d4 d6 4. d5 Nce7 5. Nc3 Nf6 6. Bg5 Nh5 7. Bxe7 Bxe7 8.
Bb5+ Bd7 9. Bxd7+ Qxd7 10. O-O Nf4 11. g3 Qg4 12. Kh1 Nh3 13. Nd2 Qg6 14. Qf3
O-O 15. Qg2 Ng5 16. Nb5 c6 17. dxc6 bxc6 18. Nc7 Rac8 19. Na6 c5 20. c4 Rc6 21.
Nf3 Rxa6 22. Nxg5 Bxg5 23. f4 Bf6 24. f5 Qg5 25. Rfd1 Qe3 26. Re1 Qd4 27. Rad1
Qxc4 28. a3 Rd8 29. Rf1 Rb6 30. h3 d5 31. Rfe1 dxe4 32. Rxd8+ Bxd8 33. Rd1 Bf6
34. Qd2 Qd4 35. Qxd4 exd4 36. Rc1 Rc6 37. b4 c4 38. b5 Rc5 39. a4 c3 40. g4 d3
41. Re1 Rc4 42. a5 c2 43. b6 axb6 44. axb6 Be5 45. Ra1 c1=Q+ 46. Rxc1 Rxc1+ 47.
Kg2 d2 48. b7 d1=Q 0-1

[Event "ch-Paris op C"]
[Site "Paris (Halle Carpentier)"]
[Date "2008.06.28"]
[Round "1.45"]
[White "Sommier, Patrick"]
[Black "Marchal, Quentin"]
[Result "1/2-1/2"]
[WhiteElo "1390"]
[BlackElo "1130"]
[PlyCount "52"]
[EventDate "2008.06.28"]

1. e4 e5 2. Nf3 Nc6 3. Bc4 Nf6 4. d3 Bc5 5. h3 d6 6. a4 Bd7 7. Bg5 O-O 8. O-O
Nd4 9. c3 Nxf3+ 10. Qxf3 h6 11. Bh4 a6 12. Nd2 c6 13. Nb3 Ba7 14. Rfd1 b5 15.
axb5 axb5 16. Bxb5 cxb5 17. d4 exd4 18. Nxd4 Bxd4 19. Rxa8 Qxa8 20. Rxd4 Qa1+
21. Kh2 Qxb2 22. Bxf6 gxf6 23. Qg3+ Kh8 24. Rxd6 Rg8 25. Qf3 Be6 26. Qxf6+ Kh7
1/2-1/2

[Event "ch-Paris op C"]
[Site "Paris (Halle Carpentier)"]
[Date "2008.06.28"]
[Round "1.46"]
[White "Lachkar, Dan"]
[Black "Nadarajah, Piruntha"]
[Result "0-1"]
[WhiteElo "1120"]
[BlackElo "1380"]
[PlyCount "118"]
[EventDate "2008.06.28"]

1. e4 e5 2. Nf3 Nc6 3. Bc4 Bc5 4. Nc3 Nf6 5. d3 d6 6. Bg5 Bb4 7. O-O Bxc3 8.
bxc3 O-O 9. Bxf6 Qxf6 10. Qd2 Qg6 11. Qg5 Qxg5 12. Nxg5 h6 13. Nxf7 Rxf7 14.
Bxf7+ Kxf7 15. Rfd1 Be6 16. d4 Ne7 17. d5 Bg4 18. f3 Bh5 19. g4 Bg6 20. Rab1 b6
21. h4 h5 22. gxh5 Bxh5 23. Rf1 Kg8 24. f4 c6 25. fxe5 dxe5 26. d6 Ng6 27. d7
Rd8 28. Rbd1 Bxd1 29. Rxd1 Nxh4 30. Kh2 Kf7 31. Kh3 Ng6 32. Kg4 Ke6 33. Kg5 Nf4
34. Kg4 Rxd7 35. Rh1 Rd2 36. Rc1 Re2 37. Kf3 Rh2 38. a3 Rh3+ 39. Kg4 Rxc3 40.
a4 Rc4 41. Rh1 Rxe4 42. Rh7 Re1 43. Rxg7 Rg1+ 44. Kf3 Rxg7 45. Ke4 Rg5 46. Kf3
Nd5 47. Ke4 b5 48. a5 c5 49. Kd3 Rg4 50. Ke2 Rg3 51. Kd2 b4 52. Kc1 c4 53. Kb2
e4 54. Kc1 b3 55. cxb3 cxb3 56. Kd2 Rc3 57. Kd1 Rc2 58. Ke1 b2 59. Kd1 b1=Q#
0-1

[Event "ch-Paris op C"]
[Site "Paris (Halle Carpentier)"]
[Date "2008.06.28"]
[Round "1.47"]
[White "Roque, Gaetan"]
[Black "Sancey, Frederic"]
[Result "1-0"]
[WhiteElo "1380"]
[BlackElo "1070"]
[PlyCount "29"]
[EventDate "2008.06.28"]

1. e4 e5 2. Nf3 Nc6 3. Bc4 Bc5 4. d3 d6 5. Ng5 Nf6 6. Nxf7 Qe7 7. Nxh8 Bg4 8.
Qd2 O-O-O 9. Nf7 Rf8 10. Ng5 Nd4 11. O-O Nh5 12. c3 Nf3+ 13. gxf3 Bh3 14. Nxh3
Qf7 15. Bxf7 1-0

[Event "ch-Paris op C"]
[Site "Paris (Halle Carpentier)"]
[Date "2008.06.28"]
[Round "1.48"]
[White "Tiberghien, Luc"]
[Black "Segarra, Rene"]
[Result "0-1"]
[WhiteElo "1030"]
[BlackElo "1380"]
[PlyCount "70"]
[EventDate "2008.06.28"]

1. d4 d6 2. c4 g6 3. Nf3 Bg7 4. Nc3 Nd7 5. e4 e5 6. Be3 a6 7. a4 Ne7 8. Be2 h6
9. O-O O-O 10. Qd2 g5 11. Ne1 Ng6 12. Bh5 Nf4 13. Bg4 Nf6 14. Bf5 Bxf5 15. exf5
Qc8 16. Qc2 Re8 17. Nd5 N4xd5 18. cxd5 Nxd5 19. Bd2 exd4 20. Ra3 Nf6 21. f4 Ne4
22. fxg5 hxg5 23. Nf3 f6 24. Nxd4 Nxd2 25. Qxd2 Re7 26. Rh3 Qe8 27. Ne6 Rc8 28.
Qd5 Qc6 29. Qd1 Qe8 30. Qf3 c6 31. Rh5 Rf7 32. Qg4 Qe7 33. Rf3 d5 34. Rfh3 a5
35. Nxg7 Qe1# 0-1

[Event "ch-Paris op C"]
[Site "Paris (Halle Carpentier)"]
[Date "2008.06.28"]
[Round "1.49"]
[White "Antoni, Marc"]
[Black "Banat, Ryan"]
[Result "1-0"]
[WhiteElo "1370"]
[BlackElo "1020"]
[PlyCount "67"]
[EventDate "2008.06.28"]

1. Nf3 e6 2. b3 b6 3. e3 Nf6 4. Bb2 Nh5 5. Ne5 f6 6. Qxh5+ g6 7. Nxg6 Rg8 8.
Nh8+ Ke7 9. Qf7+ Kd6 10. Ba3+ c5 11. Qxg8 Nc6 12. Nf7+ Ke7 13. Nxd8 Kxd8 14.
Qxf8+ Kc7 15. Ba6 Rb8 16. Bxc8 Rxc8 17. Qxf6 Re8 18. O-O b5 19. Bxc5 d6 20.
Qf7+ Re7 21. Qf4 e5 22. Bxd6+ Kxd6 23. Qf6+ Re6 24. Qf8+ Ne7 25. Nc3 a6 26. a4
b4 27. Ne4+ Kd5 28. Nf6+ Kd6 29. Qd8+ Kc6 30. Qd7+ Kb6 31. Qxe6+ Nc6 32. c4 a5
33. d4 exd4 34. exd4 1-0

[Event "ch-Paris op C"]
[Site "Paris (Halle Carpentier)"]
[Date "2008.06.28"]
[Round "1.51"]
[White "Puyo, Elisabeth"]
[Black "Le Cour, Hugo"]
[Result "1-0"]
[WhiteElo "1300"]
[BlackElo "1130"]
[PlyCount "21"]
[EventDate "2008.06.28"]

1. e4 e5 2. Nf3 Nc6 3. Bc4 Nf6 4. Ng5 d5 5. exd5 Nxd5 6. Nxf7 Kxf7 7. Qf3+ Ke6
8. Nc3 Bc5 9. Bxd5+ Ke7 10. Qf7+ Kd6 11. Ne4# 1-0

[Event "ch-Paris op C"]
[Site "Paris (Halle Carpentier)"]
[Date "2008.06.29"]
[Round "2.1"]
[White "Khechab, Michel"]
[Black "Elzoghlami, Mehdi"]
[Result "0-1"]
[WhiteElo "1390"]
[BlackElo "1500"]
[PlyCount "70"]
[EventDate "2008.06.28"]

1. e4 c5 2. Nf3 d6 3. d4 cxd4 4. Nxd4 Nf6 5. Nc3 a6 6. Bg5 e6 7. Bd3 Be7 8. Qe2
Nxe4 9. Bxe7 Nxc3 10. Bxd8 Nxe2 11. Nxe2 Kxd8 12. O-O Ke7 13. a4 Nc6 14. c3 Ne5
15. Bc2 Bd7 16. b3 Rac8 17. Rfc1 d5 18. f4 Ng4 19. h3 Nf6 20. Bd3 Rhd8 21. Nd4
Rc7 22. Ra2 Rdc8 23. Rac2 Nh5 24. Bxh7 g6 25. Bxg6 fxg6 26. f5 gxf5 27. c4 dxc4
28. Rxc4 Rxc4 29. Rxc4 Rxc4 30. bxc4 Bxa4 31. g4 fxg4 32. hxg4 Nf4 33. c5 Bd1
34. g5 Ne2+ 35. Nxe2 Bxe2 0-1

[Event "ch-Paris op C"]
[Site "Paris (Halle Carpentier)"]
[Date "2008.06.29"]
[Round "2.2"]
[White "Allaf, Alice"]
[Black "Caille, Hugo"]
[Result "0-1"]
[WhiteElo "1499"]
[BlackElo "1390"]
[PlyCount "76"]
[EventDate "2008.06.28"]

1. e4 e6 2. d4 d5 3. e5 c5 4. c3 Nc6 5. Nf3 cxd4 6. cxd4 Bb4+ 7. Bd2 Qb6 8.
Bxb4 Qxb4+ 9. Qd2 Qxd2+ 10. Nbxd2 Nb4 11. Bb5+ Ke7 12. O-O a6 13. Ba4 b5 14.
Bb3 Nd3 15. a4 bxa4 16. Bxa4 Nxb2 17. Bc6 Rb8 18. Rfb1 Rb6 19. Rc1 Nc4 20. Nxc4
Rxc6 21. Nd6 Rxc1+ 22. Rxc1 Bd7 23. Ra1 Nh6 24. Rxa6 Rb8 25. Kf1 Nf5 26. Nxf5+
exf5 27. Ra5 Rb1+ 28. Ke2 Bb5+ 29. Ke3 Bc4 30. Ra7+ Kf8 31. Ng5 Re1+ 32. Kf4 h6
33. Nxf7 Bd3 34. Rd7 Re4+ 35. Kxf5 Rxd4+ 36. Ke6 g6 37. Kf6 Rf4+ 38. Ke6 Bf5+
0-1

[Event "ch-Paris op C"]
[Site "Paris (Halle Carpentier)"]
[Date "2008.06.29"]
[Round "2.3"]
[White "Nadarajah, Piruntha"]
[Black "Larue, Daniel"]
[Result "1/2-1/2"]
[WhiteElo "1380"]
[BlackElo "1499"]
[PlyCount "132"]
[EventDate "2008.06.28"]

1. e4 c5 2. Nf3 e6 3. Nc3 Nc6 4. Bc4 a6 5. a4 g6 6. d4 cxd4 7. Nxd4 Bg7 8. Nxc6
Bxc3+ 9. bxc3 bxc6 10. Qd4 Qf6 11. e5 Qg7 12. Qd6 Qf8 13. Qxf8+ Kxf8 14. O-O
Kg7 15. Bg5 h6 16. Be3 Ne7 17. f4 Nd5 18. Bxd5 cxd5 19. Rab1 a5 20. Rf3 Ba6 21.
Bc5 Rab8 22. Rb6 Bc4 23. Re3 Rxb6 24. Bxb6 Rb8 25. Bxa5 Ra8 26. Bb4 Rxa4 27.
Re1 Ra2 28. Rc1 g5 29. fxg5 hxg5 30. Bc5 Kg6 31. Kf2 f6 32. Bd4 fxe5 33. Bxe5
Kf5 34. Bd6 Ra6 35. Bb4 e5 36. Ke3 Kg6 37. Rd1 e4 38. Rd2 Rf6 39. Bc5 Rf7 40.
Rd1 Kf5 41. Rb1 Rh7 42. h3 Rf7 43. Rb2 Kg6 44. Rb6+ Rf6 45. Rxf6+ Kxf6 46. Bd4+
Kg6 47. Be5 Kh5 48. Bf6 Bf1 49. Kf2 Bc4 50. g3 Ba2 51. Ke3 Kg6 52. Bd8 Kf5 53.
g4+ Kg6 54. h4 gxh4 55. Bxh4 Bb1 56. Kd4 Ba2 57. Ke5 Bc4 58. Kd6 Ba2 59. Kxd7
Bc4 60. Kd6 Ba2 61. Ke5 Bc4 62. Bd8 Ba2 63. g5 Bc4 64. Ke6 Ba2 65. Ke5 Bc4 66.
Kf4 Ba2 1/2-1/2

[Event "ch-Paris op C"]
[Site "Paris (Halle Carpentier)"]
[Date "2008.06.29"]
[Round "2.4"]
[White "Valencia, Gabriel"]
[Black "Guillaume, Gerard"]
[Result "1-0"]
[WhiteElo "1499"]
[BlackElo "1390"]
[PlyCount "85"]
[EventDate "2008.06.28"]

1. d4 d5 2. c4 Nf6 3. cxd5 Nxd5 4. e4 Nb6 5. Nf3 g6 6. Be2 Bg7 7. O-O O-O 8.
Be3 c6 9. Qd2 Re8 10. Nc3 Bg4 11. h3 Bc8 12. h4 e5 13. h5 exd4 14. Bxd4 Bxd4
15. Qxd4 Qxd4 16. Nxd4 N8d7 17. hxg6 hxg6 18. f4 Nf6 19. e5 Nfd5 20. Ne4 f5 21.
Ng5 Kg7 22. g3 Nc7 23. Kf2 Ne6 24. Ndf3 Nd7 25. Rh1 Ndf8 26. Rh2 c5 27. Rah1
Nxg5 28. Nxg5 Ne6 29. Rh7+ Kf8 30. Rh8+ Ke7 31. R1h7+ Kd8 32. Nf7+ Kc7 33. Nd6+
Bd7 34. Nxe8+ Kc6 35. Bf3+ Kb6 36. Rxd7 Nc7 37. Rxc7 Rb8 38. Rhh7 Rxe8 39.
Rxb7+ Ka5 40. Rxa7+ Kb4 41. Rhb7+ Kc4 42. Ra4+ Kd3 43. Be2+ 1-0

[Event "ch-Paris op C"]
[Site "Paris (Halle Carpentier)"]
[Date "2008.06.29"]
[Round "2.5"]
[White "Hassanaly, Ikbal"]
[Black "Roque, Gaetan"]
[Result "1-0"]
[WhiteElo "1490"]
[BlackElo "1380"]
[PlyCount "45"]
[EventDate "2008.06.28"]

1. e4 c6 2. Nf3 d5 3. e5 g6 4. d4 Bg7 5. c4 f6 6. Bf4 Nh6 7. exf6 exf6 8. Qe2+
Kf7 9. Qd2 Re8+ 10. Be2 Kg8 11. Bxh6 Bh8 12. O-O Qe7 13. Nc3 b5 14. cxd5 b4 15.
Ne4 Qxe4 16. Bd3 Qxd5 17. Qc2 Qh5 18. Bc4+ Be6 19. Bxe6+ Rxe6 20. Qc4 Kf7 21.
Rfe1 Qd5 22. Qxb4 Qb5 23. Qf8# 1-0

[Event "ch-Paris op C"]
[Site "Paris (Halle Carpentier)"]
[Date "2008.06.29"]
[Round "2.6"]
[White "Segarra, Rene"]
[Black "Martin, Madge"]
[Result "1-0"]
[WhiteElo "1380"]
[BlackElo "1480"]
[PlyCount "53"]
[EventDate "2008.06.28"]

1. f4 Nc6 2. e3 d5 3. Nf3 Bf5 4. Be2 f6 5. O-O h6 6. Bd3 Qd7 7. Bxf5 Qxf5 8. d3
g5 9. Nd4 Nxd4 10. exd4 Qg6 11. f5 Qf7 12. Qe2 O-O-O 13. Nc3 Re8 14. Qf3 c6 15.
Bd2 h5 16. Rae1 e6 17. fxe6 Rxe6 18. Qf5 Kd7 19. Rxe6 Qxe6 20. Qf2 g4 21. Re1
Qf7 22. Qf5+ Kd8 23. a3 Nh6 24. Qf4 Kd7 25. Qb8 Rh7 26. Qxb7+ Kd6 27. Bf4# 1-0

[Event "ch-Paris op C"]
[Site "Paris (Halle Carpentier)"]
[Date "2008.06.29"]
[Round "2.7"]
[White "Souchaud, Raymond"]
[Black "Antoni, Marc"]
[Result "1-0"]
[WhiteElo "1480"]
[BlackElo "1370"]
[PlyCount "107"]
[EventDate "2008.06.28"]

1. e4 b6 2. d4 Bb7 3. Nc3 e6 4. a3 Nf6 5. Bg5 h6 6. Bh4 Be7 7. Bd3 d5 8. e5 Ne4
9. Bxe7 Qxe7 10. Qg4 Qg5 11. Qxg5 Nxg5 12. f3 Nd7 13. Nge2 O-O-O 14. O-O f6 15.
f4 Ne4 16. b4 g5 17. Nxe4 dxe4 18. Bc4 Rhe8 19. Rad1 fxe5 20. fxe5 c5 21. Bb5
Re7 22. bxc5 bxc5 23. Bxd7+ Rexd7 24. c3 c4 25. Rf6 Bd5 26. Rdf1 h5 27. h3 Rg8
28. Rf8+ Rxf8 29. Rxf8+ Rd8 30. Rf7 a6 31. Rh7 Rg8 32. Rxh5 g4 33. h4 e3 34.
Nf4 Rf8 35. g3 Bf3 36. Kf1 Bd1 37. Rh6 e2+ 38. Ke1 Rxf4 39. gxf4 g3 40. Rg6 Kd7
41. Rxg3 Kc6 42. a4 Kd5 43. h5 Ke4 44. h6 Kxf4 45. Rh3 Kg4 46. h7 Kxh3 47.
h8=Q+ Kg3 48. Qf6 a5 49. Qxe6 Kf3 50. Qh3+ Ke4 51. e6 Bxa4 52. Kxe2 Bc2 53. e7
Bd3+ 54. Kd2 1-0